000 00306nam a2200109Ia 4500
008 240624s9999 xx 000 0 und d
041 _aeng
082 _a309 ICF
100 _aICFP
245 _aRETIREMENT PLANNING AND EMPLOYEE BENEFIT
260 _c2009
_aBenefits
_bInternational College of Financial Planning
999 _c15184
_d15184